| 000 | 00508nam a2200193 i 4500 | ||
|---|---|---|---|
| 001 | bgj | ||
| 100 | 1 |
_aSINCLAIR, Upton _d(1878-1968). |
|
| 245 | 1 | 0 |
_aA world to win / _cUpton Sinclair. |
| 260 |
_aNew York : _bThe Viking Press, _c1946. |
||
| 300 |
_a581 pp ; _c21 cm. |
||
| 490 | 1 |
_aWorld End's ; _vvol. 7 |
|
| 650 | 9 |
_aAmerican fiction _y20th century |
|
| 830 | _aWorld End's ; | ||
| 020 | _ahbk, jacket | ||
| 040 | _cBPK | ||
| 041 | 0 | _aeng | |
| 942 | _cKS | ||
| 008 | s uk f |000 0 eng | ||
| 999 |
_c48041 _d48041 |
||